| 000 | 00600cam a2200157 4500 | ||
|---|---|---|---|
| 001 | WB3535-04 | ||
| 008 | 000000n1999 000 0 eng u | ||
| 035 | _a(Sirsi) u102633 | ||
| 245 | _aUK asbestos imports plan. | ||
| 260 | _c1999 | ||
| 490 |
_aContract Journal _v400(6261) 2 September 1999, 1(1) |
||
| 520 | _aThe importation of white asbestos into the UK will be banned from 24 November 1999, while all European Union Member states must implement the new directive by 2005. | ||
| 650 | _aMANAGEMENT-HEALTH AND SAFETY-HAZARDOUS SUBSTANCES-ASBESTOS | ||
| 690 | _aBUILT ENVIRONMENT | ||
| 942 | _n0 | ||
| 999 |
_c61628 _d61628 |
||